00492 2200181 4500001002100000005001700021008004100038020001800079035002500097041000700122082001100129090001700140100001800157245005600175260003100231300002700262650002100289INLIS0000000000040860:yyyyMMddHHmmss180719||||||||| | ||| |||| || |  a979-543-801-8 a0010-031300000004086 aid0 a005.54 a005.54 WAT m0 aMardiana Wati00a6 Jam belajar sendiri : Microsoft Office Excel 2007 aBandungbYrama Widyac2008 a184 hlm : 12,5 x 19 cm 0aprogram komputer